| 000 | 01013nas a2200253Ia 4500 | ||
|---|---|---|---|
| 001 | R109/44542 | ||
| 003 | IT-RoPAU | ||
| 008 | 151124c99999999xx |||||||||||| ||und|| | ||
| 040 | _aIT-RoPAU | ||
| 040 | _cIT-RoPAU | ||
| 041 | _aFRANCESE | ||
| 100 |
_aMorin Violette _gCodice Aut. SPICS: 3551 |
||
| 210 | _aCOMMUNICATIONS | ||
| 222 | _aCommunications | ||
| 245 |
_aCOMMUNICATIONS, N.01 (OTTOBRE 1960-GIUGNO 1961) _bVoyage De Khrouchtchev En France (Le): Essai D'Une Methode D'Analyse De la Presse |
||
| 250 | _a1a ed. | ||
| 260 |
_aPARIS _bSEUIL _c1961 |
||
| 501 |
_bPaulus - SPICS - Società San Paolo EM (non-commercial uses only) _cCopyright2015 |
||
| 300 | _a27 p. [81-107] | ||
| 362 | _aANNO 001, N.01 (OTTOBRE 1960-GIUGNO 1961) | ||
| 500 | _aSaggio-Di-Un-Metodo-Di-Analisi-Della-Stampa Unità-D'Informazione-E-Suo-Codice Rilievi-Delle-Unità-D'Informazioni Gerarchia-Tematica-Dei-Quotidiani-E-Dei-Settimanali Tabelle-Dei-Dati | ||
| 650 |
_aCOMUNICAZIONE _vPUBBLICAZIONE PERIODICA |
||
| 942 | _cCR | ||
| 999 |
_c109441 _d109441 |
||